Most Guessed Most Guessed Countries on JetPunk - Statistics

General Stats
  • This quiz has been taken 491 times
  • The average score is 14 of 15
Answer Stats
Guessed Country % Correct
100% United States
100%
98% Canada
98%
98% China
98%
97% United Kingdom
97%
95% Brazil
96%
97% France
96%
98% Russia
96%
95% Germany
95%
96% Mexico
95%
93% Australia
92%
93% Spain
92%
93% Japan
91%
89% India
90%
91% Italy
90%
84% Argentina
70%
No matching quizzes found
Score Distribution
Percent of People with Each Score
Percentile by Number Answered
Your Score History
You have not taken this quiz